000
00307cam a2200121ua 4500
082
_a
823.308
_b
ELI/MI
100
_a
Eliot, George.
_9
1934
245
_a
Middlemarch : A study of Provincial Life /
250
_a
1 /
260
_a
London :
_b
Oxford University Press ,
_c
1963.
300
_a
396 ; .
942
_c
BK
999
_c
6903
_d
6903